000 00979cas a22003014a 4500
001 muse71080
003 MdBmJHUP
005 20210127151212.0
006 m o d
007 cr||||||||nn|n
008 880709u xx o 00 0 und d
010 _zsv 88034305
020 _a9781684450046
020 _z9780815627111
035 _a(OCoLC)1055862137
040 _aMdBmJHUP
_cMdBmJHUP
245 0 0 _aBennett's New York Herald and the Rise of the Popular Press
300 _a1 online resource.
_a1 online resource.
506 0 _aOpen Access
_fUnrestricted online access
_2star
588 _aDescription based on print version record.
655 7 _aElectronic books.
_2local
710 2 _aProject Muse.
_edistributor
830 0 _aBook collections on Project MUSE.
856 4 0 _zFull text available:
_uhttps://muse.jhu.edu/book/61591/
999 _c24994
_d24994